Famous Amoses Quiz Stats

 Plays Quiz not verified by Sporcle

Challenge
Share
Tweet
Embed
Score 0/100 Timer 05:00
0 Plays Today
Clue Person % Correct
Old testament minor prophetAmos
93.1%
American actor best known for his cookiesWally Amos
79.3%
Fictional character from the Harry Potter novels. Father of Cedric.Amos Diggory
72.4%
American actor and former football player who starred in Good Times, Roots, The West Wing and Coming to AmericaJohn Amos
62.1%
American radio comedy serial popular from the 20s until the 50s and a television show in the early 50sAmos 'n' Andy
55.2%
The subject of and title of a 1971 hit song by Jerry Reed, covered also by Primus in 1998Amos Moses
44.8%
Singer-songwriter of 'A Sorta Fairytale' and '1000 Oceans'Tori Amos
37.9%
Israeli writer and journalist who wrote 'A Tale of Love and Darkness' and was nominated for a Nobel Prize for Literature in 2009Amos Oz
27.6%
American singer/songwriter who has released albums Supply and Demand and Last Days at the Lodge. Amos Lee
27.6%
Five-time All-Star American baseball player (centerfielder) for the Mets, Royals and Pirates from 1967-84Amos Otis
6.9%

You're not logged in!

Compare scores with friends on all Sporcle quizzes.
OR
Log In

You Might Also Like...

Show Comments

Extras

Created Oct 3, 2009ReportNominate
Tags:Famous Quiz, person

Top Quizzes Today


Score Distribution

Your Account Isn't Verified!

In order to create a playlist on Sporcle, you need to verify the email address you used during registration. Go to your Sporcle Settings to finish the process.

Report this User

Report this user for behavior that violates our Community Guidelines.

Details: